<The> Do's and Taboos of Hosting International Visitors

Gespeichert in:
Bibliographische Detailangaben
1. Verfasser: Axtell, Roger E.
Format: Buch
Sprache:Englisch
Veröffentlicht: New York Wiley & Sons 1990
Ausgabe:1. ed.
Schlagworte:
Tags: Tag hinzufügen
Keine Tags, Fügen Sie das erste Tag hinzu!

MARC

LEADER 00000nam a2200000 4500
001 c014193
005 20221206122402.8
020 |a 0-471-51570-1 
041 0 |a eng 
044 |a US 
245 1 0 |a <The> Do's and Taboos of Hosting International Visitors  |c Roger E. Axtell 
250 |a 1. ed. 
264 1 |a New York  |b Wiley & Sons  |c 1990 
300 |a 236 s. 
610 2 0 |a etiketa 
610 2 0 |a pohostinstvo 
610 2 0 |a cudzinci 
610 2 0 |a podnikanie medzinárodné 
610 2 0 |a správanie 
610 2 0 |a USA 
100 1 |a Axtell, Roger E.